000 00343nam a2200133Ia 4500
008 191206s9999 xx 000 0 und d
020 _a0883448394 :
090 _aHV640M32
245 0 _aDisposable People?: The Plight of Refugees
260 _aOrbis Books
260 _ccc1992
300 _a"xx, 347 p. ; 24 cm."
999 _c15836
_d15836